000 00392cam a22001217a 4500
008 180718b1965 xxu||||| |||| 00| 0 eng d
082 _aA81x54 In2/61/12/Pt1A/I
100 _aCensus of India 1961
245 _aOrissa: general report
260 _aDelhi
_bThe Manager of Publications
_c1965
300 _a380+p.
440 _aCensus of India 1961. Volume XII, Orissa. Part I-A (i)-Chapter I to IX
999 _c483901
_d483901